50 most popular girl's names 2017 - Statistics

General Stats
  • This quiz has been taken 597 times
  • The average score is 22 of 50
Answer Stats
Hint Answer % Correct
4 Emma
80%
2 Emily
78%
5 Olivia
74%
29 Anna
69%
23 Elizabeth
69%
16 Isabella
67%
11 Sarah
67%
14 Ava
66%
17 Sophia
66%
22 Charlotte
63%
7 Hannah
63%
1 Chloe
61%
8 Jessica
61%
19 Ella
59%
18 Grace
59%
13 Lily
59%
15 Mia
58%
34 Sophie
55%
28 Madison
51%
47 Rachel
50%
30 Zoe
49%
6 Jennifer
48%
27 Amy
46%
35 Lucy
45%
25 Abigail
43%
10 Lauren
42%
24 Rebecca
42%
38 Katie
40%
21 Samantha
40%
43 Bella
38%
40 Amanda
37%
42 Natalie
37%
33 Nicole
36%
49 Ellie
34%
36 Megan
34%
26 Ashley
32%
48 Taylor
31%
41 Claire
30%
45 Danielle
28%
46 Alexis
27%
31 Jade
27%
39 Amber
26%
20 Jasmine
26%
32 Alyssa
21%
37 Abby
18%
44 Naomi
18%
12 Savannah
18%
3 Aaliyah
7%
9 Kellie
1%
50 Page
1%
No matching quizzes found
Score Distribution
Percent of People with Each Score
Percentile by Number Answered
Your Score History
You have not taken this quiz